000 00695nam a2200193Ia 4500
008 090124s9999 xx 000 0 und d
082 _b30132
_a3443
100 _aकोल्हापुरेे पंढरीनाथ
245 _a गानयोगी शिवपुत्र
250 _a1
260 _c1999
300 _a202
600 _aकोल्हापुरेे पंढरीनाथ
630 _a गानयोगी शिवपुत्र
700 _aसंगोराम श्रीरंग
700 _aकोल्हापुरेे पंढरीनाथ
730 _a गानयोगी शिवपुत्र
942 _cBOOK
999 _c143614
_d143614